000 00573nam a2200193 i 4500
001 14644
003 ES-MaACL
005 20230906150843.0
007 t|
008 990520s1998 sp ||||1| spa d
020 _a84-89569-23-1
080 _a748.5(460)(091)
100 1 _aNieto Alcaide, Víctor.
_985671
245 1 3 _aLa vidriera española
_b: ocho siglos de luz /
_cVíctor Nieto Alcaide.
260 _aMadrid :
_bNerea,
_c[1998]
300 _a416 p. :
_bil. ;
_c33 cm.
650 1 4 _aVidrieras-
_zEspaña-
_vHistoria.
_917801
852 _aES-MaACL
_jL-21900
_bR.127239
999 _c14644
_d14644